Structure on carbon black and the mechanism of reinforcing (Record no. 69490)

MARC details
000 -LEADER
fixed length control field 00378nam a2200121Ia 4500
100 ## - MAIN ENTRY--AUTHOR NAME
Personal name Goritz D
245 #0 - TITLE STATEMENT
Title Structure on carbon black and the mechanism of reinforcing
260 ## - PUBLICATION, DISTRIBUTION, ETC. (IMPRINT)
Name of publisher Proceedings of the International Rubber Conference, Kobe, Japan, 1995; p455-459
650 ## - SUBJECT ADDED ENTRY--TOPICAL TERM
Topical Term Carbon black
700 ## - ADDED ENTRY--PERSONAL NAME
Personal name Maier P G
942 ## - ADDED ENTRY ELEMENTS (KOHA)
Koha item type Journals
Holdings
Withdrawn status Lost status Damaged status Not for loan Home library Current library Shelving location Date acquired Koha item type
      Journals RRII Library RRII Library Rubber chemistry 17/12/2021 Journals